<?xml version="1.0" encoding="UTF-8"?><?xml-stylesheet type="text/xsl" href="static/style.xsl"?><OAI-PMH xmlns="http://www.openarchives.org/OAI/2.0/" xmlns:xsi="http://www.w3.org/2001/XMLSchema-instance" xsi:schemaLocation="http://www.openarchives.org/OAI/2.0/ http://www.openarchives.org/OAI/2.0/OAI-PMH.xsd"><responseDate>2026-04-28T19:44:20Z</responseDate><request verb="GetRecord" identifier="oai:uvadoc.uva.es:10324/45986" metadataPrefix="marc">https://uvadoc.uva.es/oai/request</request><GetRecord><record><header><identifier>oai:uvadoc.uva.es:10324/45986</identifier><datestamp>2021-06-30T05:24:13Z</datestamp><setSpec>com_10324_38</setSpec><setSpec>col_10324_852</setSpec></header><metadata><record xmlns="http://www.loc.gov/MARC21/slim" xmlns:doc="http://www.lyncode.com/xoai" xmlns:xsi="http://www.w3.org/2001/XMLSchema-instance" xmlns:dcterms="http://purl.org/dc/terms/" xsi:schemaLocation="http://www.loc.gov/MARC21/slim http://www.loc.gov/standards/marcxml/schema/MARC21slim.xsd">
<leader>00925njm 22002777a 4500</leader>
<datafield tag="042" ind1=" " ind2=" ">
<subfield code="a">dc</subfield>
</datafield>
<datafield tag="720" ind1=" " ind2=" ">
<subfield code="a">González Marcos, Alejandro</subfield>
<subfield code="e">author</subfield>
</datafield>
<datafield tag="260" ind1=" " ind2=" ">
<subfield code="c">2020</subfield>
</datafield>
<datafield tag="520" ind1=" " ind2=" ">
<subfield code="a">Los momentos iniciales de la época imperial romana son un periodo de marcada&#xd;
inestabilidad política, lo que lleva a Augusto a intentar reforzar su posición mediante una guerra&#xd;
con un enemigo exterior. Para ello, el territorio sin conquistar del noroeste peninsular se ve como&#xd;
enclave propicio para una fácil victoria que afiance a Augusto en el poder, circunstancia que la&#xd;
cruda realidad va a desmontar puesto que las campañas militares a desarrollar van a ser arduas y&#xd;
prolongadas en el tiempo y van a desembocar en una guerra que ha quedado casi olvidada en la&#xd;
Historia de Roma. Este trabajo trata sobre el conflicto, su reflejo en las fuentes y cómo la&#xd;
arqueología se convierte en un arma fundamental para su estudio y para salvar el silencio y las&#xd;
inexactitudes de las fuentes originales.</subfield>
</datafield>
<datafield tag="520" ind1=" " ind2=" ">
<subfield code="a">The raise of the imperial Rome is a time of political instability that leads Augustus to seek&#xd;
to reinforce his position through a war against an external enemy. The northern peninsular border&#xd;
is chosen to seek an easy victory, wich however is complicated by a war that has been almost&#xd;
forgotten in the History of Rome. This work deals with the conflicto, its reflection in the sources&#xd;
and how archeology has become fundamental for its study to avoid the silence of the original&#xd;
sources.</subfield>
</datafield>
<datafield tag="024" ind2=" " ind1="8">
<subfield code="a">http://uvadoc.uva.es/handle/10324/45986</subfield>
</datafield>
<datafield tag="245" ind1="0" ind2="0">
<subfield code="a">Las guerras de Roma contra cántabros y astures: Una aproximación arqueológica</subfield>
</datafield>
</record></metadata></record></GetRecord></OAI-PMH>